Before the Bible : (Record no. 2312)

MARC details
000 -LEADER
fixed length control field 00882nam a2200205 a 4500
003 - CONTROL NUMBER IDENTIFIER
control field PILC
005 - DATE AND TIME OF LATEST TRANSACTION
control field 20250818134001.0
008 - FIXED-LENGTH DATA ELEMENTS--GENERAL INFORMATION
fixed length control field 071007s1962 xx 00 eng d
010 ## - LIBRARY OF CONGRESS CONTROL NUMBER
LC control number Acc#6012
040 ## - CATALOGING SOURCE
Transcribing agency Philippine Baptist Theological Seminary
050 ## - LIBRARY OF CONGRESS CALL NUMBER
Classification number CB 301
Item number G653 1962
100 10 - MAIN ENTRY--PERSONAL NAME
Personal name Gordon, Cyrus H.
245 10 - TITLE STATEMENT
Title Before the Bible :
Remainder of title the common background of Greek and Hebrew civilization /
Statement of responsibility, etc. by Cyrus H. Gordon.
264 ## - PRODUCTION, PUBLICATION, DISTRIBUTION, MANUFACTURE, AND COPYRIGHT NOTICE
Place of production, publication, distribution, manufacture New York, NY:
Name of producer, publisher, distributor, manufacturer Harper & Row, Publishers,
Date of production, publication, distribution, manufacture, or copyright notice ©1962.
300 ## - PHYSICAL DESCRIPTION
Extent 318 pages ;
Dimensions 22 cm.
504 ## - BIBLIOGRAPHY, ETC. NOTE
Bibliography, etc Includes bibliographical references and index.
505 ## - FORMATTED CONTENTS NOTE
Formatted contents note - Introduction<br/>- Channels of transmission<br/>- The Cuneiform world<br/>- Egypt<br/>- Ugarit: Link between Canaan and the Aegean<br/>- The Minoan tablets from Crete<br/>- Further observations on Homer<br/>- Further observations on the Bible
650 ## - SUBJECT ADDED ENTRY--TOPICAL TERM
Topical term or geographic name as entry element CIVILIZATION, ANCIENT
942 ## - ADDED ENTRY ELEMENTS (KOHA)
Koha item type Circulation Books
Source of classification or shelving scheme Library of Congress Classification
Holdings
Withdrawn status Lost status Source of classification or shelving scheme Damaged status Not for loan Home library Current library Shelving location Date acquired Cost, normal purchase price Total Checkouts Full call number Barcode Date last seen Price effective from Koha item type
    Dewey Decimal Classification     PBTS Library PBTS Library Circulation Section 10/07/2007 9.00   CB 301 G653 1962 6012 03/06/2026 04/02/2015 Circulation Books

Philippine Baptist Theological Seminary | 19 Tacay Road, Central Guisad, Baguio City 2600, Philippines